000 00810nam a22002177a 4500
999 _c3070
_d3070
003 AR-CdUCM
008 190305b ||||| |||| 00| 0 spa d
040 _aMUNICIPALIDAD PROVINCIAL DEL CUSCO
_cBIBLIOTECA MUNICIPAL DEL CUSCO
082 _a909.108 /
_bG64
100 _aGarcía Morente, Manuel
_910415
245 _aLa Época del Imperialismo:
_b1890 - 1933
260 _aMadrid :
_bESPASA - CALPE ,
_c1936.
300 _a568 páginas ;
_c26.5 cm.
440 _aHistoria Universal
_n10
_910416
505 _aContenido: Europa despues de a Guerra Mundial -- La Economia del Mercado Mundial -- La evolucion espiritual a la vuelta del siglo XIX...
650 _aImperialismo
_93454
650 _aHistoria del Imperialismo
_910417
650 _aEuropa Imperialista
_910418
942 _2ddc
_cLIBROS
945 _artm